| 000 | 00466nam a22001337a 4500 | ||
|---|---|---|---|
| 005 | 20140121145138.0 | ||
| 008 | 140121b xxu||||| |||| 00| 0 eng d | ||
| 050 |
_aBT736. _b161 |
||
| 110 |
_aInternational Theological Commission _96855 |
||
| 245 |
_aMemory and Reconciliation _bThe Church and the Faults of the Past _cInternational Theological Commission |
||
| 260 |
_aNairobi _bPaulines Publications Africa _c2000 |
||
| 300 |
_a54p.; _c21cm. |
||
| 942 |
_2lcc _cMONOGRAPH |
||
| 999 |
_c119627 _d119627 |
||